| 000 | 01876nam a2200553 i 4500 | ||
|---|---|---|---|
| 001 | 31306 | ||
| 003 | KOSZ 005 | ||
| 005 | 20240405063054.0 | ||
| 008 | 980713s1996 pl a |000 0 pol | ||
| 015 | _aUWD 1997/5678 | ||
| 020 | _a8301121718 | ||
| 020 | _a8386296860 | ||
| 035 | _a991004834719705066 | ||
| 035 | _a(PL-WaBN)b11273434-48omnis_nlop | ||
| 035 | _ab11273434 | ||
| 035 | _a(OCoLC)69282853 | ||
| 035 | _azz2006825073 | ||
| 035 | _a(PL)b0000001127343 | ||
| 035 | _a(EXLNZ-48OMNIS_NETWORK)9910019944305606 | ||
| 040 |
_aWA N _cWA N _dKOSZ 005/HR |
||
| 041 | 1 |
_apol _heng |
|
| 046 | _k1996 | ||
| 080 | _a338.22(477)"1991/..." | ||
| 080 | _a316.42(477)"1991/..." | ||
| 080 | _a32(477)"1991/..." | ||
| 245 | 0 | 0 |
_aUkraińska droga do gospodarki rynkowej : _b1991-1995 : praca zbiorowa / _cpod red. Marka Dąbrowskiego i Rafała Antczaka. |
| 260 |
_aWarszawa : _bCentrum Analiz Społeczno-Ekonomicznych : _bWydawnictwo Naukowe PWN, _c1996. |
||
| 300 |
_a303, [1] s. : _bwykr. ; _c21 cm. |
||
| 336 |
_aTekst _btxt _2rdacontent |
||
| 337 |
_aBez urządzenia pośredniczącego _bn _2rdamedia |
||
| 338 |
_aWolumin _bnc _2rdacarrier |
||
| 380 | _aKsiążki | ||
| 388 | _a1901-2000 | ||
| 388 | _a1989-2000 | ||
| 490 | 1 | _aW Stronę Rynku | |
| 500 | _aTekst częśc. tł. z ang. | ||
| 504 | _aBibliogr. przy rozdz. | ||
| 648 | 7 | _a1901-2000 | |
| 648 | 7 | _a1989-2000 | |
| 650 | 7 |
_aTransformacja systemu społeczno-gospodarczego _2DBN |
|
| 651 | 7 | _aUkraina | |
| 658 | _aGospodarka, ekonomia, finanse | ||
| 700 | 1 |
_aAntczak, Rafał _d(1970- ) _eRedakcja |
|
| 700 | 1 |
_aDąbrowski, Marek _d(1951- ) _eRedakcja |
|
| 830 | 0 | _aW Stronę Rynku | |
| 856 |
_uhttp://koha.tu.koszalin.pl/cgi-bin/koha/opac-detail.pl?biblionumber=31306 _yKatalog online BPK |
||
| 942 |
_2UKD _cKS |
||
| 999 |
_c31306 _d31306 |
||